[Event "BL2 Ost 1920 (Women)"]
[Site "Germany"]
[Date "2020.02.16"]
[Round "7.4"]
[White "Schubert, Arlene"]
[Black "Moritz, Cornelia"]
[Result "0-1"]
[WhiteElo "1575"]
[BlackElo "1809"]
[PlyCount "98"]
[EventDate "2019.09.14"]
[EventType "team-tourn"]
[EventRounds "7"]
[EventCountry "GER"]
[SourceTitle "EXT 2021"]
[Source "ChessBase"]
[SourceDate "2020.10.23"]
[SourceVersion "1"]
[SourceVersionDate "2020.10.23"]
[SourceQuality "1"]
[WhiteTeam "Chemnitz Aufbau (W)"]
[BlackTeam "Merseburg (W)"]
[WhiteTeamCountry "GER"]
[BlackTeamCountry "GER"]

1. e4 c5 2. Nf3 Nc6 3. d4 cxd4 4. Nxd4 d6 5. Nc3 Nf6 6. Be2 e5 7. Nf3 Be7 8. 0-0 0-0 9. b3 Bg4 10. Nd2 Bxe2 11. Nxe2 Rc8 12. c3 d5 13. exd5 Qxd5 14. Bb2 Rcd8 15. Nc4 Qe4 16. Qe1 b5 17. Ne3 Bc5 18. Ng3 Qg6 19. Qe2 Qd3 20. Rfe1 Bxe3 21. Qxe3 Qxe3 22. Rxe3 Rd2 23. Ba3 Rfd8 24. Kf1 Ng4 25. Re2 Nxh2+ 26. Ke1 Rxe2+ 27. Kxe2 Ng4 28. Bc5 g6 29. f3 Nf6 30. Rc1 Nd5 31. Kf1 Nf4 32. Be3 Nd3 33. Rd1 f5 34. Bg1 Kf7 35. Ne2 a6 36. Bb6 Rd7 37. b4 Ke6 38. Ra1 Nb2 39. Ke1 Na4 40. Bf2 Rd3 41. Rc1 Kd5 42. Rc2 a5 43. bxa5 Nxa5 44. Rd2 Kc4 45. Rxd3 Kxd3 46. Bg3 Nc4 47. Kf1 Nxc3 48. Nxc3 Kxc3 49. Be1+ Kb2 0-1

[Event "BL2 Ost 1920 (Women)"]
[Site "Germany"]
[Date "2020.02.02"]
[Round "5.3"]
[White "Moritz, Cornelia"]
[Black "Naumann, Nadine"]
[Result "0-1"]
[WhiteElo "1809"]
[BlackElo "1964"]
[PlyCount "66"]
[EventDate "2019.09.14"]
[EventType "team-tourn"]
[EventRounds "7"]
[EventCountry "GER"]
[SourceTitle "EXT 2021"]
[Source "ChessBase"]
[SourceDate "2020.10.23"]
[SourceVersion "1"]
[SourceVersionDate "2020.10.23"]
[SourceQuality "1"]
[WhiteTeam "Merseburg (W)"]
[BlackTeam "Loeberitz (W)"]
[WhiteTeamCountry "GER"]
[BlackTeamCountry "GER"]

1. e4 c6 2. d4 d5 3. Nc3 dxe4 4. Nxe4 Nf6 5. Nxf6+ exf6 6. Nf3 Bd6 7. Bd3 0-0 8. 0-0 Re8 9. h3 Nd7 10. c3 Nf8 11. Nh4 g6 12. Bh6 Be6 13. Qd2 Qc7 14. f4 f5 15. Nf3 f6 16. Nh4 c5 17. Bb5 Nd7 18. d5 Bf7 19. c4 Bf8 20. Bxf8 Kxf8 21. Qc3 Kg7 22. Bxd7 Qxd7 23. Nf3 Re2 24. Rf2 Rae8 25. Rxe2 Rxe2 26. Re1 Qe7 27. Kf1 Rxe1+ 28. Qxe1 Qd6 29. Qc1 Qa6 30. a3 Bxd5 31. Nd2 Be4 32. g4 Qd6 33. Qc3 Qxf4+ 0-1

[Event "BL2 Ost 1920 (Women)"]
[Site "Germany"]
[Date "2019.12.15"]
[Round "4.4"]
[White "Moritz, Cornelia"]
[Black "Mai, Iris"]
[Result "1/2-1/2"]
[WhiteElo "1809"]
[BlackElo "2043"]
[PlyCount "103"]
[EventDate "2019.09.14"]
[EventType "team-tourn"]
[EventRounds "7"]
[EventCountry "GER"]
[SourceTitle "EXT 2021"]
[Source "ChessBase"]
[SourceDate "2020.10.23"]
[SourceVersion "1"]
[SourceVersionDate "2020.10.23"]
[SourceQuality "1"]
[WhiteTeam "Merseburg (W)"]
[BlackTeam "Pankow Rotation (W)"]
[WhiteTeamCountry "GER"]
[BlackTeamCountry "GER"]

1. e4 c5 2. Nc3 Nc6 3. f4 d6 4. g3 g6 5. Nf3 Bg7 6. Bg2 e6 7. 0-0 Nge7 8. d3 0-0 9. Ne2 e5 10. h3 Bd7 11. Kh2 Rc8 12. Rb1 Nd4 13. Nc3 Bc6 14. fxe5 dxe5 15. Bg5 f6 16. Be3 Qd6 17. Qd2 b5 18. Rbd1 a6 19. Ne2 Bb7 20. Nh4 Qe6 21. g4 Qxa2 22. c3 Nxe2 23. Qxe2 g5 24. Nf5 Nxf5 25. gxf5 Qf7 26. Bf3 Qc7 27. Rg1 Kh8 28. Bh5 c4 29. Bf3 cxd3 30. Qxd3 Rfd8 31. Qc2 Bf8 32. Rxd8 Rxd8 33. Rd1 Rxd1 34. Qxd1 Qd6 35. Qxd6 Bxd6 36. Kg3 Kg7 37. Kg4 Bc6 38. h4 h6 39. h5 a5 40. Bb6 a4 41. Be2 Kf8 42. Kf3 Ke7 43. Ke3 Kd7 44. Kf3 Kc8 45. Bd3 Be8 46. Kg4 Be7 47. Ba5 Kb7 48. Bb4 Bxb4 49. cxb4 Ka7 50. Be2 Bf7 51. Kg3 Bc4 52. Kf2 1/2-1/2

[Event "BL 1718 (Women)"]
[Site "Germany"]
[Date "2017.11.18"]
[Round "2.6"]
[White "Moritz, Cornelia"]
[Black "Valkova, Angelika"]
[Result "0-1"]
[WhiteElo "1821"]
[BlackElo "1789"]
[PlyCount "55"]
[EventDate "2017.10.01"]
[EventType "team-tourn"]
[EventRounds "11"]
[EventCountry "GER"]
[SourceTitle "EXT 2019"]
[Source "ChessBase"]
[SourceDate "2018.10.10"]
[SourceVersion "1"]
[SourceVersionDate "2018.10.10"]
[SourceQuality "1"]
[WhiteTeam "Hofheim (W)"]
[BlackTeam "Deizisau (W)"]
[WhiteTeamCountry "GER"]
[BlackTeamCountry "GER"]

1. e4 e6 2. d4 d5 3. exd5 exd5 4. Bd3 Bd6 5. Nf3 Nf6 6. 0-0 0-0 7. Bg5 Bg4 8. h3 Bh5 9. Nbd2 Nbd7 10. c3 c6 11. Qc2 Qc7 12. Rfe1 Rae8 13. Bf5 Bg6 14. Nh4 Nh5 15. Ndf3 Ndf6 16. Bxf6 Nxf6 17. Ng5 Bf4 18. Nxg6 hxg6 19. Nxf7 gxf5 20. Ne5 Bxe5 21. dxe5 Rxe5 22. g3 Rfe8 23. Qd2 Qe7 24. Kf1 Rxe1+ 25. Rxe1 Qxe1+ 26. Qxe1 Rxe1+ 27. Kxe1 Kf7 28. f3 0-1

[Event "BL2 Sued 1516 (Women)"]
[Site "Germany"]
[Date "2015.09.26"]
[Round "1.5"]
[White "Moritz, Cornelia"]
[Black "Schott, Elisabeth"]
[Result "1/2-1/2"]
[WhiteElo "1834"]
[BlackElo "1565"]
[PlyCount "80"]
[EventDate "2015.09.26"]
[EventType "team-tourn"]
[EventRounds "7"]
[EventCountry "GER"]
[SourceTitle "EXT 2017"]
[Source "ChessBase"]
[SourceDate "2016.10.25"]
[SourceVersion "1"]
[SourceVersionDate "2016.10.25"]
[SourceQuality "1"]
[WhiteTeam "Hofheim (W)"]
[BlackTeam "Zeulenroda (W)"]
[WhiteTeamCountry "GER"]
[BlackTeamCountry "GER"]

1. e4 c6 2. Nc3 d5 3. d4 dxe4 4. Nxe4 Nd7 5. Nf3 Ngf6 6. Ng3 e6 7. Bd3 Be7 8. 0-0 0-0 9. c3 b6 10. Qc2 Bb7 11. Be3 Qc7 12. Rac1 Rac8 13. Ng5 h6 14. Nh3 Ng4 15. Bf4 Bd6 16. Bxd6 Qxd6 17. Qe2 Ngf6 18. Rfd1 Rfe8 19. b4 Qe7 20. Ba6 Nb8 21. Bxb7 Qxb7 22. Ne4 Nxe4 23. Qxe4 Nd7 24. Rd3 Nf6 25. Qh4 c5 26. dxc5 bxc5 27. Rcd1 cxb4 28. Qxb4 Qxb4 29. cxb4 Rc2 30. a3 Nd5 31. f4 g6 32. R1d2 Rxd2 33. Rxd2 Rc8 34. Rd3 Rc2 35. g3 Kf8 36. Nf2 Ke7 37. Ng4 h5 38. Ne5 a6 39. h4 Rc7 40. Kf2 Rc2+ 1/2-1/2

[Event "BL2 Sued 1415 (Women)"]
[Site "Germany"]
[Date "2014.12.14"]
[Round "5.6"]
[White "Moritz, Cornelia"]
[Black "Krasnopeyeva, Julia"]
[Result "1-0"]
[WhiteElo "1823"]
[BlackElo "1877"]
[PlyCount "103"]
[EventDate "2014.09.27"]
[EventType "team-tourn"]
[EventRounds "7"]
[EventCountry "GER"]
[SourceTitle "CBM 166 Extra"]
[Source "ChessBase"]
[SourceDate "2015.06.18"]
[SourceVersion "1"]
[SourceVersionDate "2015.06.18"]
[SourceQuality "1"]
[WhiteTeam "Hofheim (W)"]
[BlackTeam "Mainz Schott (W)"]
[WhiteTeamCountry "GER"]
[BlackTeamCountry "GER"]

1. e4 c5 2. Nc3 Nc6 3. g3 g6 4. Bg2 Bg7 5. f4 e6 6. Nf3 Nge7 7. 0-0 0-0 8. h3 d5 9. d3 Nd4 10. Kh2 Rb8 11. Ne2 Nxf3+ 12. Bxf3 b6 13. Rb1 Qd7 14. g4 f5 15. gxf5 exf5 16. e5 d4 17. h4 Nd5 18. Ng1 Bb7 19. Nh3 Qe7 20. Kg3 h6 21. Qe2 Nc7 22. Rg1 Kh7 23. Bd2 Rfe8 24. Bxb7 Rxb7 25. Kh2 Ne6 26. Qg2 Nf8 27. Rbe1 Rd7 28. Qg3 Qe6 29. b3 Qd5 30. Rg2 Rc7 31. h5 Re6 32. Reg1 Qb7 33. Qh4 g5 34. Rxg5 hxg5 35. Nxg5+ Kh8 36. Nxe6 Nxe6 37. h6 Bxh6 38. Qf6+ Rg7 39. Qxe6 Qa8 40. Rxg7 Bxg7 41. Qxf5 Qd5 42. Qe4 Qe6 43. Qf3 Kg8 44. Kg2 Qd7 45. c4 dxc3 46. Bxc3 Qc7 47. f5 b5 48. f6 Bh6 49. e6 Qd8 50. Qg4+ Kh7 51. e7 Qe8 52. Qf5+ 1-0

[Event "Hofheim Spring op-B 2nd"]
[Site "Hofheim"]
[Date "2014.04.23"]
[Round "3"]
[White "Ziegenfuss, Larissa"]
[Black "Moritz, Cornelia"]
[Result "0-1"]
[WhiteElo "1303"]
[BlackElo "1856"]
[PlyCount "38"]
[EventDate "2014.04.22"]
[EventType "swiss"]
[EventRounds "9"]
[EventCountry "GER"]
[SourceTitle "CBM 160 Extra"]
[Source "ChessBase"]
[SourceDate "2014.07.01"]
[SourceVersion "1"]
[SourceVersionDate "2014.07.01"]
[SourceQuality "1"]

1. e4 c5 2. Nc3 Nc6 3. g3 g6 4. Bg2 Bg7 5. d3 d6 6. Be3 Nd4 7. Nge2 Bg4 8. 0-0 h5 9. h3 Bd7 10. Qd2 Qc8 11. Kh2 Nh6 12. Rab1 Ng4+ 13. hxg4 hxg4+ 14. Kg1 Nf3+ 15. Bxf3 gxf3 16. Nf4 Bh3 17. Rfe1 Bg2 18. Nxg2 Qh3 19. Nh4 Rxh4 0-1

[Event "BL2 Sued 1213 (Women)"]
[Site "Germany"]
[Date "2013.03.10"]
[Round "7.5"]
[White "Spiel, Marianne"]
[Black "Moritz, Cornelia"]
[Result "1-0"]
[WhiteElo "1947"]
[BlackElo "1850"]
[PlyCount "75"]
[EventDate "2012.10.06"]
[EventType "team-tourn"]
[EventRounds "7"]
[EventCountry "GER"]
[SourceTitle "EXT 2018"]
[Source "ChessBase"]
[SourceDate "2017.10.13"]
[SourceVersion "1"]
[SourceVersionDate "2017.10.13"]
[SourceQuality "1"]
[WhiteTeam "Bayern Muenchen (W)"]
[BlackTeam "Hofheim (W)"]
[WhiteTeamCountry "GER"]
[BlackTeamCountry "GER"]

1. e4 c5 2. Nf3 Nc6 3. d4 cxd4 4. Nxd4 d6 5. Nc3 e5 6. Nb3 Be6 7. g3 Nf6 8. Bg2 Be7 9. 0-0 h5 10. Bg5 Ng4 11. Bxe7 Qxe7 12. Nd5 Qd7 13. h4 Ne7 14. Nxe7 Qxe7 15. Qd2 0-0-0 16. Rfd1 Kb8 17. Na5 Qc7 18. Qb4 Qb6 19. Qxb6 axb6 20. Nb3 Rhf8 21. Rd2 Bxb3 22. cxb3 g6 23. Rad1 Kc7 24. Rc1+ Kd7 25. Bh3 f5 26. f3 Nh6 27. Rdc2 Ke6 28. Rc7 Rd7 29. Kf2 Rff7 30. Rxd7 Rxd7 31. Ke3 d5 32. exd5+ Rxd5 33. Rc7 Rd7 34. Rxd7 Kxd7 35. a4 Kd6 36. b4 Ng8 37. Bf1 Nf6 38. Bc4 1-0

[Event "BL2 Sued 1112 (Women)"]
[Site "Germany"]
[Date "2012.02.12"]
[Round "7.4"]
[White "Moritz, Cornelia"]
[Black "Leinenbach, Janine"]
[Result "1/2-1/2"]
[WhiteElo "1888"]
[BlackElo "1707"]
[PlyCount "85"]
[EventDate "2011.10.29"]
[EventType "team-tourn"]
[EventRounds "7"]
[EventCountry "GER"]
[SourceTitle "EXT 2013"]
[Source "ChessBase"]
[SourceDate "2012.11.22"]
[SourceVersion "1"]
[SourceVersionDate "2012.11.22"]
[SourceQuality "1"]
[WhiteTeam "Hofheim (W)"]
[BlackTeam "Differten (W)"]
[WhiteTeamCountry "GER"]
[BlackTeamCountry "GER"]

1. e4 c5 2. Nc3 Nc6 3. f4 e6 4. Nf3 a6 5. d4 cxd4 6. Nxd4 Bc5 7. Nxc6 dxc6 8. Qxd8+ Kxd8 9. e5 f5 10. Na4 Ba7 11. Bd2 b5 12. Ba5+ Ke8 13. Nb6 Rb8 14. Nxc8 Rxc8 15. g3 Ne7 16. c4 Rb8 17. b3 Kf7 18. Rd1 Rb7 19. Bd8 Bb8 20. h3 Bc7 21. Bxe7 Kxe7 22. Bg2 Ba5+ 23. Ke2 Rc8 24. cxb5 axb5 25. Rd6 Rbc7 26. Rc1 Rd7 27. Rcxc6 Rxc6 28. Bxc6 Rxd6 29. exd6+ Kxd6 30. Bxb5 e5 31. fxe5+ Kxe5 32. Bd3 h6 33. a3 Bc7 34. Kf3 g5 35. g4 f4 36. Bc4 Bd6 37. a4 Bb4 38. Bb5 Kd4 39. Bc6 Ba5 40. h4 Bb4 41. hxg5 hxg5 42. Ke2 Ba5 43. Bd7 1/2-1/2

[Event "BL2 Mitte 1011 (Women)"]
[Site "Germany"]
[Date "2010.11.06"]
[Round "1.6"]
[White "Moritz, Cornelia"]
[Black "Krentz, Susann"]
[Result "1-0"]
[WhiteElo "1832"]
[BlackElo "1605"]
[PlyCount "149"]
[EventDate "2010.11.06"]
[EventType "team-tourn"]
[EventRounds "7"]
[EventCountry "GER"]
[SourceTitle "EXT 2012"]
[Source "ChessBase"]
[SourceDate "2011.11.24"]
[SourceVersion "1"]
[SourceVersionDate "2011.11.24"]
[SourceQuality "1"]
[WhiteTeam "Hofheim (W)"]
[BlackTeam "Chemnitz (W)"]
[WhiteTeamCountry "GER"]
[BlackTeamCountry "GER"]

1. e4 c5 2. Nc3 d6 3. f4 Nc6 4. g3 g6 5. Bg2 Rb8 6. Nf3 Bg7 7. 0-0 Nd4 8. h3 b5 9. Kh2 h5 10. Nxd4 Bxd4 11. Ne2 Bg7 12. d3 Bb7 13. f5 gxf5 14. Rxf5 e6 15. Rf1 h4 16. c3 hxg3+ 17. Nxg3 Be5 18. Qf3 f5 19. Bf4 Qh4 20. Bxe5 dxe5 21. Nxf5 exf5 22. Qxf5 Ne7 23. Qxe5 Kd7 24. Qxc5 Rhg8 25. Qf2 Qg5 26. h4 Qe5+ 27. Qf4 Qxf4+ 28. Rxf4 Rbf8 29. Raf1 Rxf4 30. Rxf4 Ke8 31. Bf3 Bc8 32. Bh5+ Kd8 33. Bf7 Rf8 34. Kg3 Ng8 35. h5 Nh6 36. Bg6 Rg8 37. Kf3 Be6 38. b3 Ke7 39. Ke2 Rc8 40. Kd2 Rc5 41. d4 Rg5 42. Rf2 Bf7 43. Bxf7 Nxf7 44. Rh2 Nh6 45. c4 bxc4 46. bxc4 Rg3 47. c5 Ra3 48. Kd1 Rd3+ 49. Rd2 Rh3 50. Kc2 Rxh5 51. Kc3 Ng4 52. Rg2 Rh3+ 53. Kb4 Nf6 54. Rg7+ Kd8 55. Rxa7 Nxe4 56. Kc4 Nd2+ 57. Kd5 Rh5+ 58. Kc6 Rh6+ 59. Kb5 Nf3 60. d5 Nd4+ 61. Kc4 Rh4 62. Ra8+ Kc7 63. d6+ Kc6 64. Rc8+ Kd7 65. Rc7+ Kd8 66. Rf7 Ke8 67. Rb7 Nc2+ 68. Kd5 Nb4+ 69. Ke6 Rh6+ 70. Kf5 Nd3 71. Re7+ Kd8 72. Kg5 Rh2 73. c6 Nb4 74. c7+ Kc8 75. Re8+ 1-0

[Event "BL2 Sued 0809 (Women)"]
[Site "Germany"]
[Date "2008.11.09"]
[Round "2.5"]
[White "Leinenbach, Janine"]
[Black "Moritz, Cornelia"]
[Result "1/2-1/2"]
[WhiteElo "1655"]
[BlackElo "1796"]
[PlyCount "87"]
[EventDate "2008.11.08"]
[EventType "team-tourn"]
[EventRounds "7"]
[EventCountry "GER"]
[SourceTitle "EXT 2010"]
[Source "ChessBase"]
[SourceDate "2010.11.25"]
[SourceVersion "1"]
[SourceVersionDate "2010.11.25"]
[SourceQuality "1"]
[WhiteTeam "Differten (W)"]
[BlackTeam "Hofheim (W)"]
[WhiteTeamCountry "GER"]
[BlackTeamCountry "GER"]

1. c4 f5 2. d4 Nf6 3. Nc3 e6 4. e3 b6 5. Be2 Bb7 6. Nf3 Be7 7. 0-0 0-0 8. Nd2 c5 9. dxc5 Bxc5 10. Nb3 Ne4 11. Nxc5 bxc5 12. Na4 Na6 13. f3 Nf6 14. b3 Rc8 15. Bb2 Qc7 16. Qd2 Bc6 17. Nc3 Ne8 18. e4 f4 19. Rfd1 Nb8 20. Rac1 a6 21. Bf1 Bb7 22. Ne2 Rd8 23. Qc3 Nc6 24. Kf2 Nf6 25. Qd2 Ne8 26. Kg1 Rf7 27. Ba3 Qe5 28. Rc3 Ne7 29. Rd3 Bc8 30. Qa5 Nc6 31. Qxc5 Qc7 32. Nd4 Bb7 33. Qg5 h6 34. Qh4 Nxd4 35. Rxd4 e5 36. R4d2 Nf6 37. Bd3 Kh7 38. Qf2 d6 39. Bc2 Rfd7 40. Kf1 Ne8 41. g4 g6 42. Rd3 a5 43. Qd2 Kg7 44. h4 1/2-1/2

[Event "BL2 West 0708 (Women)"]
[Site "Germany"]
[Date "2008.03.16"]
[Round "7.6"]
[White "Moritz, Cornelia"]
[Black "Schmidt, Renate"]
[Result "1-0"]
[WhiteElo "1738"]
[BlackElo "1689"]
[PlyCount "87"]
[EventDate "2007.11.10"]
[EventType "team-tourn"]
[EventRounds "7"]
[EventCountry "GER"]
[SourceTitle "EXT 2009"]
[Source "ChessBase"]
[SourceDate "2008.11.26"]
[SourceVersion "1"]
[SourceVersionDate "2008.11.26"]
[SourceQuality "1"]
[WhiteTeam "Hofheim (W)"]
[BlackTeam "Krefeld (W)"]
[WhiteTeamCountry "GER"]
[BlackTeamCountry "GER"]

1. e4 e5 2. Nf3 d6 3. Nc3 Nc6 4. h3 h6 5. Bc4 Be6 6. Bxe6 fxe6 7. d4 exd4 8. Nxd4 Nxd4 9. Qxd4 Qd7 10. Be3 c5 11. Qc4 0-0-0 12. 0-0-0 Qe8 13. Rhe1 e5 14. Rd3 Ne7 15. Qe6+ Qd7 16. Rxd6 Qxe6 17. Rxe6 Nc6 18. Na4 Kd7 19. Rg6 b6 20. Rd1+ Kc7 21. f4 Rxd1+ 22. Kxd1 Kd7 23. f5 Nd8 24. Nc3 Nb7 25. Ke2 Nd6 26. Re6 Nf7 27. Nb5 Nd6 28. Nc3 Nc4 29. Bc1 Bd6 30. Rg6 Rh7 31. b3 Na5 32. Nb5 Bb8 33. c3 Nc6 34. Kf3 Ne7 35. Re6 Nc6 36. h4 a6 37. Na3 Bc7 38. Be3 Nd8 39. Rg6 Bd6 40. Nc4 Nf7 41. Nxb6+ Kc7 42. Nc4 Kd7 43. Nxd6 Nxd6 44. Bxc5 1-0

[Event "BL2 West 0708 (Women)"]
[Site "Germany"]
[Date "2008.03.15"]
[Round "6.6"]
[White "Kraus, Tanja"]
[Black "Moritz, Cornelia"]
[Result "0-1"]
[WhiteElo "1962"]
[BlackElo "1738"]
[PlyCount "112"]
[EventDate "2007.11.10"]
[EventType "team-tourn"]
[EventRounds "7"]
[EventCountry "GER"]
[SourceTitle "EXT 2009"]
[Source "ChessBase"]
[SourceDate "2008.11.26"]
[SourceVersion "1"]
[SourceVersionDate "2008.11.26"]
[SourceQuality "1"]
[WhiteTeam "Wattenscheid (W)"]
[BlackTeam "Hofheim (W)"]
[WhiteTeamCountry "GER"]
[BlackTeamCountry "GER"]

1. e4 c5 2. Nf3 Nc6 3. Bb5 a6 4. Bxc6 dxc6 5. d3 Bg4 6. Be3 Nf6 7. Nbd2 e6 8. Nc4 Nd7 9. Bf4 b5 10. Nce5 Nxe5 11. Bxe5 f6 12. Bg3 e5 13. h3 Bh5 14. Bh2 Be7 15. g4 Bf7 16. Nh4 g6 17. Ng2 Qa5+ 18. Qd2 Qxd2+ 19. Kxd2 Rd8 20. Ke2 c4 21. a4 0-0 22. axb5 axb5 23. Ra6 Rc8 24. Ne3 cxd3+ 25. cxd3 Rfd8 26. Rc1 c5 27. g5 fxg5 28. Bxe5 b4 29. Ng4 c4 30. d4 c3 31. b3 Bxb3 32. Ra7 Bc4+ 33. Ke1 Kf8 34. d5 Bxd5 35. exd5 Rxd5 36. Bxc3 bxc3 37. Ne3 Rdd8 38. Ra2 Bb4 39. Ke2 Rc7 40. Kf3 Rf7+ 41. Kg2 Rd2 42. Rxd2 cxd2 43. Rd1 Re7 44. Kf3 Re5 45. Ke2 h5 46. Kd3 Ba5 47. Nc4 Re1 48. Kc2 Rxd1 49. Kxd1 Bb4 50. Ne5 Kg7 51. Nf3 Kh6 52. Ne5 Kg7 53. Nf3 Kf6 54. Nxd2 Bxd2 55. Kxd2 Kf5 56. Ke3 g4 0-1

[Event "BL2 West 0708 (Women)"]
[Site "Germany"]
[Date "2007.12.02"]
[Round "4.6"]
[White "Frey, Alisa"]
[Black "Moritz, Cornelia"]
[Result "0-1"]
[WhiteElo "1907"]
[BlackElo "1739"]
[PlyCount "126"]
[EventDate "2007.11.10"]
[EventType "team-tourn"]
[EventRounds "7"]
[EventCountry "GER"]
[SourceTitle "EXT 2009"]
[Source "ChessBase"]
[SourceDate "2008.11.26"]
[SourceVersion "1"]
[SourceVersionDate "2008.11.26"]
[SourceQuality "1"]
[WhiteTeam "Walldorf (W)"]
[BlackTeam "Hofheim (W)"]
[WhiteTeamCountry "GER"]
[BlackTeamCountry "GER"]

1. d4 f5 2. c4 Nf6 3. g3 e6 4. Bg2 Be7 5. Nh3 d5 6. 0-0 0-0 7. b3 c6 8. Ba3 Na6 9. Bxe7 Qxe7 10. Nd2 Nc7 11. Nf3 Ng4 12. Nf4 dxc4 13. h3 Nh6 14. bxc4 Nf7 15. Nd3 Ne8 16. Qc2 Nf6 17. Nfe5 Qd6 18. e3 Nd7 19. Nxd7 Bxd7 20. Rab1 Rab8 21. Qa4 a6 22. Qa5 Bc8 23. Qc5 Qxc5 24. Nxc5 Nd8 25. Nxa6 Ra8 26. Nb4 g5 27. Rb2 f4 28. Be4 Ra3 29. Nd3 e5 30. g4 exd4 31. exd4 Re8 32. f3 Rxe4 33. fxe4 Rxd3 34. d5 Rxh3 35. Re1 Rc3 36. d6 Rxc4 37. d7 Bxd7 38. Rd1 Bxg4 39. Rxd8+ Kf7 40. Rxb7+ Kf6 41. Rxh7 Rc1+ 42. Kf2 Rc2+ 43. Kg1 Rc1+ 44. Kf2 Rc2+ 45. Kg1 Bf3 46. Rf8+ Ke5 47. Re7+ Kd4 48. Rb8 g4 49. Rb3 Rxa2 50. Re8 c5 51. Rd8+ Kxe4 52. Re8+ Kf5 53. Rc3 Kg5 54. Rxf3 gxf3 55. Re5+ Kg4 56. Rxc5 Rg2+ 57. Kf1 Rh2 58. Rc8 f2 59. Ke2 f1Q+ 60. Kxf1 Kg3 61. Rc3+ f3 62. Kg1 Rd2 63. Rc1 Rg2+ 0-1

[Event "BL2 West 0708 (Women)"]
[Site "Germany"]
[Date "2007.11.10"]
[Round "1.5"]
[White "Moritz, Cornelia"]
[Black "Just, Alexandra"]
[Result "1-0"]
[WhiteElo "1739"]
[BlackElo "1847"]
[PlyCount "49"]
[EventDate "2007.11.10"]
[EventType "team-tourn"]
[EventRounds "7"]
[EventCountry "GER"]
[SourceTitle "EXT 2009"]
[Source "ChessBase"]
[SourceDate "2008.11.26"]
[SourceVersion "1"]
[SourceVersionDate "2008.11.26"]
[SourceQuality "1"]
[WhiteTeam "Hofheim (W)"]
[BlackTeam "Steinfurt (W)"]
[WhiteTeamCountry "GER"]
[BlackTeamCountry "GER"]

1. e4 c5 2. Nc3 e6 3. g3 Nc6 4. Bg2 Nf6 5. d3 a6 6. f4 d6 7. Nh3 Be7 8. 0-0 0-0 9. a3 Qc7 10. Ne2 b5 11. c3 Bb7 12. Nf2 Rad8 13. g4 d5 14. e5 Nd7 15. g5 Nb6 16. Ng3 d4 17. Qh5 Na5 18. Nge4 Nd5 19. cxd4 cxd4 20. Ng4 Nb3 21. Nef6+ Nxf6 22. gxf6 gxf6 23. exf6 Bxf6 24. Nxf6+ Kg7 25. Qg5+ 1-0

[Event "GER-chT Federal Cup (Women)"]
[Site "Germany"]
[Date "2007.??.??"]
[Round "5"]
[White "Moritz, Cornelia"]
[Black "Roitburd, Marina"]
[Result "0-1"]
[WhiteElo "1725"]
[BlackElo "2030"]
[PlyCount "54"]
[EventDate "2007.06.??"]
[EventType "team-swiss"]
[EventRounds "5"]
[EventCountry "GER"]
[SourceTitle "EXT 2008"]
[Source "ChessBase"]
[SourceDate "2007.11.25"]
[SourceVersion "1"]
[SourceVersionDate "2007.11.25"]
[SourceQuality "1"]
[WhiteTeam "Hessen"]
[BlackTeam "NRW"]
[WhiteTeamCountry "GER"]
[BlackTeamCountry "GER"]

1. e4 c5 2. Nc3 e6 3. d3 Nc6 4. g3 d5 5. Bg2 d4 6. Nce2 e5 7. f4 exf4 8. Nxf4 Nf6 9. Nge2 Bd6 10. 0-0 0-0 11. a3 Rb8 12. Rb1 b5 13. c3 Be5 14. Nd5 Nxd5 15. exd5 Ne7 16. Bf4 Bxf4 17. Nxf4 Nf5 18. Be4 Ne3 19. Qh5 f5 20. Bg2 Nxf1 21. Rxf1 Qf6 22. Ne2 Qe5 23. cxd4 cxd4 24. Nf4 Rb6 25. b4 Qe3+ 26. Kh1 Rh6 27. Qd1 Qxg3 0-1

[Event "Halle-chT (Women)"]
[Site "Halle"]
[Date "2005.04.15"]
[Round "3.7"]
[White "Moritz, Cornelia"]
[Black "Tovmasian, Nelli"]
[Result "1-0"]
[WhiteElo "1706"]
[BlackElo "1767"]
[PlyCount "119"]
[EventDate "2005.04.14"]
[EventType "team"]
[EventRounds "5"]
[EventCountry "GER"]
[SourceTitle "CBM 105 Extra"]
[Source "ChessBase"]
[SourceDate "2005.05.01"]
[SourceVersion "1"]
[SourceVersionDate "2005.05.01"]
[SourceQuality "1"]

1. e4 g6 2. f4 d6 3. d4 Bg7 4. c3 Nf6 5. Bd3 c5 6. dxc5 dxc5 7. e5 Nfd7 8. Nf3 0-0 9. Be3 Nc6 10. Ng5 Ndxe5 11. fxe5 Nxe5 12. Be2 Qxd1+ 13. Bxd1 Bh6 14. Bd2 Nd3+ 15. Ke2 Nxb2 16. Nf3 Bxd2 17. Nbxd2 Nxd1 18. Rhxd1 b6 19. a4 Rd8 20. a5 Be6 21. h3 f6 22. Rdb1 Bf5 23. Rb2 Bd3+ 24. Ke3 Rab8 25. Ne1 c4 26. axb6 axb6 27. Ra4 b5 28. Ra5 Rb6 29. Nef3 Bf5 30. Nd4 e5 31. Nxf5 Rd3+ 32. Ke2 gxf5 33. Nxc4 bxc4 34. Rxb6 Kg7 35. Ra7+ Kg6 36. Raa6 Rxc3 37. Rxf6+ Kg5 38. h4+ Kg4 39. Ra8 Rc2+ 40. Kd1 Rf2 41. Ke1 Rc2 42. Rg8+ Kf4 43. Rg5 Ke3 44. Rg3+ Kf4 45. Rf3+ Ke4 46. R3xf5 Rxg2 47. Rg5 Ra2 48. Rg4+ Ke3 49. Rg3+ Kd4 50. Rd6+ Ke4 51. Rc3 Ra4 52. h5 Rb4 53. h6 Kf4 54. Kd2 Ke4 55. Rd7 Kf5 56. Rxh7 Kg6 57. Rg7+ Kxh6 58. Rg8 Rb2+ 59. Kc1 Rh2 60. Rh8+ 1-0

[Event "BL2 Gr1 0304 (Women)"]
[Site "Germany"]
[Date "2004.03.14"]
[Round "7.4"]
[White "Leveikina, Jevgenija"]
[Black "Moritz, Cornelia"]
[Result "1/2-1/2"]
[WhiteElo "2034"]
[BlackElo "1718"]
[PlyCount "49"]
[EventDate "2003.10.25"]
[EventType "team-tourn"]
[EventRounds "7"]
[EventCountry "GER"]
[SourceTitle "EXT 2006"]
[Source "ChessBase"]
[SourceDate "2005.11.24"]
[SourceVersion "1"]
[SourceVersionDate "2005.11.24"]
[SourceQuality "1"]
[WhiteTeam "Holsterhausen (W)"]
[BlackTeam "Hofheim (W)"]
[WhiteTeamCountry "GER"]
[BlackTeamCountry "GER"]

1. d4 f5 2. Bg5 Nf6 3. Bxf6 exf6 4. e3 d5 5. c4 Bb4+ 6. Nc3 0-0 7. Qb3 Bxc3+ 8. Qxc3 Be6 9. Ne2 Bf7 10. Nf4 c6 11. cxd5 cxd5 12. Bd3 Qd7 13. Rc1 Nc6 14. 0-0 Rac8 15. Qd2 a6 16. Bc2 Nd8 17. Bb3 Rxc1 18. Rxc1 g5 19. Nd3 Kg7 20. Rc5 b6 21. Rc1 a5 22. Qc3 Qb5 23. Bd1 Re8 24. Qb3 Qa6 25. Be2 1/2-1/2